A Visitor's guide to 20th century British landscape design /
Disimpan dalam:
| Pengarang Korporat: | |
|---|---|
| Format: | Buku |
| Bahasa: | English |
| Diterbitkan: |
London :
The Landscape Institute,
1994.
|
| Subjek-subjek: | |
| Penanda-penanda: |
Tambah Penanda
Tiada Penanda, Jadilah orang pertama menanda rekod ini!
|
| LEADER | 00862cam a2200253Ia 4500 | ||
|---|---|---|---|
| 001 | 007764193-0 | ||
| 005 | 20020606104010.5 | ||
| 008 | 950630s1994 enka 001 0 eng d | ||
| 020 | |a 1873071051 | ||
| 035 | 0 | |a ocm32749002 | |
| 040 | |a UIU |c UIU |d CUY |d FLL | ||
| 043 | |a e-uk--- | ||
| 090 | |a SB477.G7 |b V5 1994 | ||
| 245 | 1 | 2 | |a A Visitor's guide to 20th century British landscape design / |c Landscape Institute. |
| 246 | 3 | |a 20th century British landscape design. | |
| 246 | 3 | |a Twentieth century British landscape design. | |
| 260 | |a London : |b The Landscape Institute, |c 1994. | ||
| 300 | |a 80 p. : |b ill. (some col.) ; |c 21 x 30 cm. | ||
| 504 | |a Includes bibliographical references and index. | ||
| 650 | 0 | |a Landscape architecture |z Great Britain. | |
| 650 | 0 | |a Gardens |z Great Britain |x Guidebooks. | |
| 710 | 2 | |a Landscape Institute. | |
| 988 | |a 20020608 | ||
| 906 | |0 OCLC | ||


